000 00772nam a2200181 a 4500
001 50620
005 20180714035741.0
008 140415s2007 mx 000 0 spa d
041 _aspa
082 _a347
_bPOD
245 0 0 _aPODER JUDICIAL DEL ESTADO DE PUEBLA INFORME DE ACTIVIDADES ENERO-JUNIO 2007
250 _a1a ed.
260 _aMEXICO :
_bTRIBUNAL SUPERIOR DE JUSTICIA DEL ESTADO DE PUEBLA,
_c2007
300 _a584
_c23 x 1.7 x 28.5
500 _aCOLECCIÓN PUEBLA
520 _aLA TRANSPARENCIA, LA RENDICIŇN DE CUENTAS Y LA INTEGRACI0N DEL VINCULO QUE DEBE EXISTIR ENTRE LOS SERVIDORES PUBLICOS DEL PODER JUDICIAL Y LA SOCIEDAD. CONSTITUYEN LA BASE FUNDAMENTAL DE ESTOS INFORMES
650 1 4 _aJUICIOS
_xJURISPRUDENCIA
_xJUZGADOS
_xSENTENCIAS
999 _c50620
_d50620